| 000 -LEADER |
| fixed length control field |
01001nam a22002777a 4500 |
| 003 - CONTROL NUMBER IDENTIFIER |
| control field |
0 |
| 005 - DATE AND TIME OF LATEST TRANSACTION |
| control field |
20251104140648.0 |
| 008 - FIXED-LENGTH DATA ELEMENTS--GENERAL INFORMATION |
| fixed length control field |
251104b xxu||||| |||| 00| 0 eng d |
| 020 ## - INTERNATIONAL STANDARD BOOK NUMBER |
| International Standard Book Number |
978-1-60710-991-4 |
| 050 ## - LIBRARY OF CONGRESS CALL NUMBER |
| Classification number |
PQ 4315.L7 |
| Item number |
.A45 2013 |
| 100 ## - MAIN ENTRY--PERSONAL NAME |
| Personal name |
Alighieri, Dante, |
| Dates associated with a name |
1265–1321, |
| Relator term |
author. |
| 245 ## - TITLE STATEMENT |
| Title |
The Divine Comedy / |
| Statement of responsibility, etc |
Dante Alighieri ; translated by Henry Wadsworth Longfellow. |
| 250 ## - EDITION STATEMENT |
| Edition statement |
Canterbury Classics edition. |
| 260 ## - PUBLICATION, DISTRIBUTION, ETC. (IMPRINT) |
| Place of publication, distribution, etc |
San Diego, California : |
| Name of publisher, distributor, etc |
Canterbury Classics, |
| Date of publication, distribution, etc |
2013. |
| 300 ## - PHYSICAL DESCRIPTION |
| Extent |
xviii, 646 pages : |
| Other physical details |
illustrations ; |
| Dimensions |
24 cm. |
| 500 ## - GENERAL NOTE |
| General note |
Includes introduction and notes. |
| 504 ## - BIBLIOGRAPHY, ETC. NOTE |
| Bibliography, etc |
Includes bibliographical references. |
| 650 ## - SUBJECT ADDED ENTRY--TOPICAL TERM |
| Topical term or geographic name as entry element |
Future life |
| Form subdivision |
Poetry. |
| 650 ## - SUBJECT ADDED ENTRY--TOPICAL TERM |
| Topical term or geographic name as entry element |
Christian poetry, Italian |
| Form subdivision |
Translations into English. |
| 650 ## - SUBJECT ADDED ENTRY--TOPICAL TERM |
| Topical term or geographic name as entry element |
Hell |
| Form subdivision |
Poetry. |
| 650 ## - SUBJECT ADDED ENTRY--TOPICAL TERM |
| Topical term or geographic name as entry element |
Purgatory |
| Form subdivision |
Poetry. |
| 650 ## - SUBJECT ADDED ENTRY--TOPICAL TERM |
| Topical term or geographic name as entry element |
Heaven |
| Form subdivision |
Poetry. |
| 700 ## - ADDED ENTRY--PERSONAL NAME |
| Personal name |
Longfellow, Henry Wadsworth, |
| Dates associated with a name |
1807–1882, |
| Relator term |
translator. |
| 830 ## - SERIES ADDED ENTRY--UNIFORM TITLE |
| Uniform title |
Canterbury classics. |
| 942 ## - ADDED ENTRY ELEMENTS (KOHA) |
| Source of classification or shelving scheme |
|
| Koha item type |
Books |